000 00572nam a2200205Ia 4500
003 OSt
005 20220925191934.0
006 a|||||r|||| 00| 0
007 ta
008 220923b |||||||| |||| 00| 0 eng d
037 _bBBK1, Q14,23,M
_cGeneral Book
040 _aRTL
_cRTL
_beng
041 _2eng
_aeng
100 _aReeves D.D
_9243357
245 0 _aResorces for The Study Of Economic History
260 _aBostan
_bschool of Administraion
_c1961
300 _a62p
_ccm.
942 _cGB
_2CC
999 _c520389
_d520389